| 000 | 00633cab a2200193 4500 | ||
|---|---|---|---|
| 001 | ##L132509 | ||
| 008 | 060214n2006 000 0 eng u | ||
| 035 | _a(Sirsi) u132509 | ||
| 041 | 0 | _aeng | |
| 245 | 0 | 0 |
_aRegional _bWest End |
| 260 | _c2006 | ||
| 490 |
_aProperty Week _v71(6) 10 February 2006, 73-94(10) |
||
| 520 | _aConsiders offices and investment in the West End of London, retail in Kensington and Saville Row, the role of the niche surveying firm. | ||
| 590 | _aIKA140206 | ||
| 650 | 2 | 4 | _aKENSINGTON |
| 650 | 2 | 4 | _aWEST END OF LONDON |
| 690 | _aPROPERTY-COMMERCIAL PROPERTY-COMMERCIAL PROPERTY MARKET | ||
| 942 | _n0 | ||
| 999 |
_c76482 _d76482 |
||